000
00259nam a22000977a 4500
999
_c
3004
_d
3004
008
191111b ||||| |||| 00| 0 eng d
100
_a
National Philatelic Museum
245
_a
Liberia
260
_a
Philadelpia
_b
National Philatelic Museum
_c
195?
650
_a
Liberia